000 00441cam a2200145 4500500
005 20251228072918.0
041 _afre
042 _adc
100 1 0 _aLeroux, Georges
_eauthor
245 0 0 _aLes apories de l'intellectuel québécois.
260 _c2005.
500 _a21
786 0 _nCités | 23 | 3 | 2005-09-01 | p. 115-127 | 1299-5495
856 4 1 _uhttps://shs.cairn.info/revue-cites-2005-3-page-115?lang=fr&redirect-ssocas=7080
999 _c1594414
_d1594414